00375nam a22001337a 450000500170000000800410001704100130005808200130007110000120008424500400009626000560013630000240019265000250021620240709144445.0240709b |||||||| |||| 00| 0 eng d aEnglish  a349 PRE  lEnglish aPrentice Hall Weekly Legal Service  aDurban: bPrentice Hall Services (Pty) Ltd, c1958  b84 pages; c26 cm.  aLegal practicebLaw